000 00681cam a2200169 4500
001 WB3531-09
008 000000n1999 000 0 eng u
035 _a(Sirsi) u102028
245 _aLandmarks join internet Domesday Book.
260 _c1999
490 _aWestern Morning News
_v7 August 1999, 4(1)
520 _aEnglish Heritage has launched a 21st-century Domesday Book project on the Internet to be completed by 2002. Comprising 360,000 pictures it will be the largest photographic survey of listed buildings. The Images of England website can be seen at: www.imagesofengland.org.uk
650 _aINTERNET
650 _aENGLAND
690 _aCONSERVATION
942 _n0
999 _c61120
_d61120